000 00931nam a2200253 a 4500
001 000005030
003 DO-SdBNP
005 20250521125127.0
008 090729s2006 dr abc 000 0 spa d
040 _aDO-SdBNP
_bspa
_cBNPHU
082 _a333.91
_bE79
245 0 4 _aLas estadísticas del agua en la República Dominicana.
260 _aSanto Domingo :
_bINDRI,
_c2006.
300 _avii, 744, [18] p. :
_bil., mapa, retrs. ;
_c28 cm.
500 _aIncluye glosario
504 _aBibliografía : p. 746-748
590 _aInventariado, 2018/LP
650 0 _aAbastecimiento de agua
_zRepública Dominicana
_911680
650 4 _aRecursos hidricos
_zRepública Dominicana
_vEstadísticas
_914491
650 4 _aAgua potable
_zRepública Dominicana
_vEstadísticas
_914492
710 2 _aInstituto Nacional de Recursos Hidráulicos (República Dominicana)
_96366
910 _aValidado. Control de calidad MFF
942 _2ddc
_cLBS1
999 _c4835
_d4835